Central Library OPAC University of Rajshahi

The complete plays of Ben Jonson / (Record no. 77680)

MARC details
000 -LEADER
fixed length control field 00918nam a2200277 a 4500
001 - CONTROL NUMBER
control field 77680
003 - CONTROL NUMBER IDENTIFIER
rucl marc code BD-RjUL
005 - DATE AND TIME OF LATEST TRANSACTION
control field 20211209083018.0
008 - FIXED-LENGTH DATA ELEMENTS--GENERAL INFORMATION
fixed length control field 201224s19461910enk 000 0
035 ## - SYSTEM CONTROL NUMBER
System control number CD-0000488755
System control number (BD-RjUL)77906
040 ## - CATALOGING SOURCE
Original cataloging agency BD-RjUL
Language of cataloging eng
Transcribing agency BD-RjUL
041 ## - LANGUAGE CODE
Language code of text/sound track or separate title eng
082 ## - DEWEY DECIMAL CLASSIFICATION NUMBER
Edition number 23
Classification number 822.3
Author mark and year JOC 1946
100 1# - MAIN ENTRY--PERSONAL NAME
Personal name Jonson, Ben,
Dates associated with a name 1573?-1637.
9 (RLIN) 242917
245 14 - TITLE STATEMENT
Title The complete plays of Ben Jonson /
Statement of responsibility, etc. Ben Jonson; Introduction by Professor Felix E. Schelling.
260 ## - PUBLICATION, DISTRIBUTION, ETC. (IMPRINT)
Place of publication, distribution, etc. London:
Name of publisher, distributor, etc. J. M. Dent & Sons Ltd.,
Date of publication, distribution, etc. [1910,1946]
300 ## - PHYSICAL DESCRIPTION
Pagination v.;
Size 17 cm.
490 1# - SERIES STATEMENT
Series statement Everyman's Library; Poetry and the drama
Volume/sequential designation 490
505 01 - FORMATTED CONTENTS NOTE
Formatted contents note vol.1--
650 ## - SUBJECT ADDED ENTRY--TOPICAL TERM
Topical term or geographic name as entry element English drama
9 (RLIN) 242918
Topical term or geographic name as entry element English drama
General subdivision Early modern and Elizabethan
9 (RLIN) 242919
700 1# - ADDED ENTRY--PERSONAL NAME
Personal name Schelling, Felix Emanuel,
Relator term ed.
830 #0 - SERIES ADDED ENTRY--UNIFORM TITLE
Uniform title Everyman's Library; Poetry and the drama
942 ## - ADDED ENTRY ELEMENTS (KOHA)
Source of classification or shelving scheme Dewey Decimal Classification
Koha item type Books
Holdings
Lost status Source of classification or shelving scheme Damaged status Not for loan Collection code Permanent Location Current Location Shelving location Date acquired Source of acquisition Total Checkouts Full call number Date last seen Copy number Koha item type
  Dewey Decimal Classification   Not For Loan Fiction Central Library, University of Rajshahi Central Library, University of Rajshahi Reading Room 11/03/1974 Canada Govt.   822.3 JOC V-1 1946 24/12/2020 C-1 Books